000 00260nam a22001097a 4500
008 170112b xxu||||| |||| 00| 0 eng d
020 _a0781721911
041 _aeng
080 _29TH
_a618.2
245 _aMEDICAL-SURGICAL NURSING
_cSMELTZERM S.C
942 _2udc
_cBK
999 _c2820
_d2820